Uczestnicy Impostora od Czajnika - Statystyki

Ogólne statystyki
  • Ten quiz został rozwiązany 9 razy
  • Średni wynik to 11 z 14
Statystyki odpowiedzi
Hint Odpowiedź % Poprawnych
Friendz Justek
100%
Ekipa Pola
100%
Ziomek xd Rudy
100%
Teenz Eliza
86%
Teenz Gawronek
86%
Indywidualny Kasix
86%
Friendz Kinga
86%
Friendz Ostry
86%
Friendz Wiktoria
86%
Friendz Zwykły
86%
Friendz Weronika
71%
Indywidualny Marysia
57%
Indywidualny Palion
57%
Indywidualny Monika
43%
Nie znaleziono quizów pasujących do podanych kryteriów
Rozkład punktacji
Procent ludzi z każdym wynikiem
Percentyl według liczby udzielonych odpowiedzi
Twoja historia wyników
Nie rozwiązałeś tego quizu